Sexuality in later life : a counseling guide for physicians /

Bibliographic Details
Main Author: Croft, Lesley Hoyt, 1953-
Format: Book
Language:English
Published: Boston : John Wright PSG, 1982.
Subjects:

MARC

Tag First Indicator Second Indicator Subfields
LEADER 00000cam a22000008a 4500
001 in00000077170
005 20151008060547.0
008 810622s1982 maua b 00110 eng
010 |a  81011054  
020 |a 0884163350 :  |c $29.50 (est.) 
020 |z 0723670021 
035 |a (OCoLC)07597067 
035 |9 AAJ6036AM 
039 0 |a 2  |b 3  |c 3  |d 3  |e 3 
040 |a DLC  |c DLC  |d TXA  |d UtOrBLW 
049 |a TXAM  |c [933293] 
050 0 0 |a HQ30  |b .C76 
060 0 |a HQ 30 C941s 
082 0 |a 306.7/0880565  |2 19 
100 1 |a Croft, Lesley Hoyt,  |d 1953- 
245 1 0 |a Sexuality in later life :  |b a counseling guide for physicians /  |c Lesley Hoyt Croft. 
263 |a 8110 
264 1 |a Boston :  |b John Wright PSG,  |c 1982. 
300 |a vi, 197 pages :  |b illustrations ;  |c 23 cm. 
336 |a text  |b txt  |2 rdacontent 
337 |a unmediated  |b n  |2 rdamedia 
338 |a volume  |b nc  |2 rdacarrier 
504 |a Includes bibliographies and index. 
650 0 |a Older people  |x Sexual behavior. 
650 0 |a Sex (Psychology) 
650 0 |a Sexology  |x Research. 
650 0 |a Sex therapy. 
650 2 |a Sex  |x In old age. 
650 2 |a Sexual Behavior  |x In old age. 
999 |a MARS 
999 f f |s d31e94fe-0899-3d43-b045-85c4c7d76669  |i b3d6e559-7f97-3a41-8846-815567af033c  |t 0 
952 f f |p ric  |a Texas A&M University  |b Rellis Campus  |c Joint Library Facility  |d Remote Storage  |t 0  |e HQ30 .C76  |h Library of Congress classification  |i unmediated -- volume  |m A14806141487 
998 f f |a HQ30 .C76  |t 0  |l Remote Storage